Statistics for How many times can you type K A L K A S K A in 15 Seconds?

Click here to take the quiz!

General Stats

  • This quiz has been taken 142 times
  • The average score is 40 of 80

Answer Stats

Letter% Correct
K
100%
A
99%
L
96%
K
91%
A
88%
A
88%
K
88%
S
88%
K
84%
A
82%
A
81%
K
81%
L
81%
A
79%
A
79%
K
79%
K
79%
S
79%
A
78%
K
78%
L
78%
S
76%
A
74%
K
74%
A
71%
K
71%
L
71%
A
69%
K
69%
S
69%
A
68%
A
68%
K
68%
K
68%
L
66%
A
65%
K
65%
S
65%
K
62%
A
59%
K
53%
A
51%
L
47%
K
46%
A
43%
S
43%
A
41%
K
41%
K
35%
A
32%
L
32%
A
31%
K
31%
A
29%
K
29%
S
29%
A
28%
K
28%
L
28%
K
25%
A
22%
S
22%
A
21%
K
21%
A
18%
K
18%
L
18%
K
16%
A
15%
S
10%
A
7%
A
7%
K
7%
K
7%
K
7%
L
7%
A
6%
A
4%
K
4%
S
4%

Score Distribution

Percentile by Number Answered

Percent of People with Each Score

Your Score History

You have not taken this quiz